| 000 | 00348 a2200157 4500 | ||
|---|---|---|---|
| 001 | 66502 | ||
| 020 | _a9788587779496 | ||
| 040 | _cAnchieta - Pituba | ||
| 100 | _aFoley, Ryan | ||
| 240 | 1 | 0 |
_aOs trabalhos de Hércules _lpor |
| 245 | 1 | 0 | _aOs trabalhos de Hércules |
| 300 | _a88 | ||
| 362 | 0 | _a2015 | |
| 650 | 4 | _aLiteratura juvenil | |
| 942 | _cBK | ||
| 999 |
_c66502 _d66502 |
||